Australia vs New Zealand Geoguessr Metas - Statistics

General Stats
  • This quiz has been taken 19 times
  • The average score is 4 of 5
Answer Stats
Question Answer % Correct
Lots of red soil Australia
100%
Bollards with red square reflectors Australia
84%
Bollards with red reflectors that wrap all the way around New Zealand
79%
Black text on give way signs Australia
74%
Red text on give way signs New Zealand
68%
No matching quizzes found
Score Distribution
Percent of People with Each Score
Percentile by Number Answered
Your Score History
You have not taken this quiz